000 00441nam a2200169Ia 4500
008 230718s9999 xx 000 0 und d
041 _aeng
082 _a005.43
_bFER
100 _aFernandes L.
_9122190
245 _aA To Z About DOS 6.0
260 _c1994
_bVision Books
300 _a704
_dRef 1268 C (3591)
365 _cRs.
_b145.00
500 _a1268 C
700 _aFernandes L.
_9122190
906 _dB:161207-Jun-1994
_cCOMP
_b21.75
999 _c292486
_d292486